A mathematical tapesty : demostrating the beautiful unity of mathematics
Αποθηκεύτηκε σε:
| Κύριος συγγραφέας: | |
|---|---|
| Άλλοι συγγραφείς: | , |
| Μορφή: | Βιβλίο |
| Γλώσσα: | English |
| Δημοσίευση: |
Cambridge :
Cambridge University Press,
c2010.
|
| Θέματα: | |
| Ετικέτες: |
Προσθήκη ετικέτας
Δεν υπάρχουν, Καταχωρήστε ετικέτα πρώτοι!
|
MARC
| LEADER | 00000nam a2200000 a 4500 | ||
|---|---|---|---|
| 001 | 1/111452 | ||
| 008 | 160809t2010####uk | ||| |||| ||eng|| | ||
| 020 | |a 9780521128216 |q (χαρτόδετο) | ||
| 040 | |a GR-MyUa |b gre |c GR-MyUa |e AACR2 | ||
| 041 | 0 | |a eng | |
| 082 | 7 | |a 510 |2 (23) | |
| 100 | 1 | |a Hilton, Peter John. | |
| 245 | 1 | 0 | |a A mathematical tapesty : |b demostrating the beautiful unity of mathematics / |c Peter Hilton and Jean Pedersen ; with illustrations by Sylvie Donmoyer. |
| 260 | |a Cambridge : |b Cambridge University Press, |c c2010. | ||
| 300 | |a xv, 290 σ. : |b διαγρ., πίν. ; |c 25 εκ. | ||
| 504 | |a Βιβλιογραφία: σ. 282-285. | ||
| 504 | |a Ευρετήριο: σ. 286-290. | ||
| 650 | 0 | |a Mathematics. | |
| 700 | 1 | |a Donmoywer, Sylvie, |e ill | |
| 700 | 1 | |a Pedersen, Jean. | |
| 852 | |a INST |b CHIOS |c EUDOXUS |e 20160809 |h 510 HIL |p 005200039030 |q 005200039030 |t BK |y 0 | ||
| 920 | |a Εύδοξος |b Παραγγελία |y Χίος-ΤΝΕΥ |z 2016-06 | ||
| 970 | |a Σπέντζα |b Ελένη |z 2016-06 | ||